Resalah Melayu dalam darurat. (Record no. 2125)

000 -LEADER
fixed length control field nam a22 a 4500
003 - CONTROL NUMBER IDENTIFIER
control field AKMAL
005 - DATE AND TIME OF LATEST TRANSACTION
control field 20170515121509.0
008 - FIXED-LENGTH DATA ELEMENTS--GENERAL INFORMATION
fixed length control field 170515s1950 my 00 may d
040 ## - CATALOGING SOURCE
Original cataloging agency AKMAL
082 04 - DEWEY DECIMAL CLASSIFICATION NUMBER
Classification number 356.1 RES
090 00 - LOCALLY ASSIGNED LC-TYPE CALL NUMBER (OCLC); LOCAL CALL NUMBER (RLIN)
Classification number (OCLC) (R) ; Classification number, CALL (RLIN) (NR) 356.1
Local cutter number (OCLC) ; Book number/undivided call number, CALL (RLIN) RES
245 00 - TITLE STATEMENT
Title Resalah Melayu dalam darurat.
246 ## - VARYING FORM OF TITLE
Title proper/short title Risalah berkenaan Malaya (Persekutuan Tanah Melayu dan jajahan Singapura) dan dharurat
260 ## - PUBLICATION, DISTRIBUTION, ETC.
Place of publication, distribution, etc. (Kuala Lumpur) :
Name of publisher, distributor, etc. (s.n.),
Date of publication, distribution, etc. (1950)
300 00 - PHYSICAL DESCRIPTION
Extent 121ms. ;
Other physical details illustrated. ;
Dimensions 18cm
500 ## - GENERAL NOTE
General note Teks dalam tulisan jawi
651 #0 - SUBJECT ADDED ENTRY--GEOGRAPHIC NAME
Geographic name Malaysia
General subdivision History
9 (RLIN) 434
651 #0 - SUBJECT ADDED ENTRY--GEOGRAPHIC NAME
Geographic name Malaysia
General subdivision History
Chronological subdivision Malayan emergency, 1948-1960
9 (RLIN) 4424
942 ## - ADDED ENTRY ELEMENTS (KOHA)
Source of classification or shelving scheme
Koha item type Book
950 ## - LOCAL HOLDINGS (RLIN)
Permanent shelving location, LOC (RLIN) AKMAL
Holdings
Withdrawn status Lost status Source of classification or shelving scheme Damaged status Not for loan Collection code Home library Current library Shelving location Date acquired Inventory number Total Checkouts Full call number Barcode Date last seen Price effective from Koha item type
          NON-FICTION AKMAL Melaka AKMAL Melaka PINJAMAN 26.05.2017 301509   356.1 RES 201706343 26.05.2017 26.05.2017 Book
Pusat Sumber Maklumat Dato' Haji Sarmin Md Hussin, Akademi Kastam Diraja Malaysia, Melaka
Tel: 06-2331106 | Faks: 06-2313787